Leer y entender la poesía de Diego Jesús Jiménez : (Record no. 181326)

MARC details
000 -LEADER
campo de control de longitud fija 00838nam a2200229 i 4500
001 - NÚMERO DE CONTROL
campo de control 181326
003 - IDENTIFICADOR DE NÚMERO DE CONTROL
campo de control ES-MaACL
005 - FECHA Y HORA DE LA ÚLTIMA TRANSACCIÓN
campo de control 20230906221331.0
008 - DATOS DE LONGITUD FIJA--INFORMACIÓN GENERAL
campo de control de longitud fija 121210s2009 sp | |||||||| | spa d
020 ## - NÚMERO INTERNACIONAL ESTÁNDAR DEL LIBRO
Número Internacional Estándar del Libro 978-84-92711-33-8
080 ## - NÚMERO DE LA CLASIFICACIÓN DECIMAL UNIVERSAL
Número de la Clasificación Decimal Universal 821.134.2 Jiménez, Diego Jesús 1.07
100 1# - ENTRADA PRINCIPAL--NOMBRE DE PERSONA
Nombre de persona Martínez Ruiz, Florencio.
9 (RLIN) 78387
245 10 - MENCIÓN DEL TÍTULO
Título Leer y entender la poesía de Diego Jesús Jiménez :
Resto del título (crónicas, críticas y notas de mi agenda periodística) /
Mención de responsabilidad, etc. Florencio Martínez Ruiz.
260 ## - PUBLICACIÓN, DISTRIBUCIÓN, ETC.
Lugar de publicación, distribución, etc. Cuenca :
Nombre del editor, distribuidor, etc. Diputación Provincial de Cuenca,
Fecha de publicación, distribución, etc. D.L. 2009.
300 ## - DESCRIPCIÓN FÍSICA
Extensión 237 p. :
Otras características físicas il. ;
Dimensiones 20 cm.
490 1# - MENCIÓN DE SERIE
Mención de serie Colección Atalaya ;
Designación de volumen o secuencia n. 29
504 ## - NOTA DE BIBLIOGRAFÍA, ETC.
Nota de bibliografía, etc. Bibliografía: p. 27-36.
600 14 - PUNTO DE ACCESO ADICIONAL DE MATERIA--NOMBRE DE PERSONA
Nombre de persona Jiménez, Diego Jesús.
9 (RLIN) 66400
830 0# - PUNTO DE ACCESO ADICIONAL DE SERIE-TÍTULO UNIFORME
Título uniforme Colección Atalaya ;
Designación de volumen o secuencia n. 29
9 (RLIN) 191431
852 ## - LOCALIZACIÓN
Ubicación ES-MaACL
Número de control de estantería N-5374
Holdings
Estatus retirado Estado de pérdida Estado de daño No para préstamo Biblioteca de origen Biblioteca actual Ubicación en estantería Fecha de adquisición Fuente de adquisición Total de préstamos Signatura topográfica completa Código de barras Visto por última vez Precio de reemplazo Tipo de ítem Koha
        Biblioteca del Ateneo de Madrid Biblioteca del Ateneo de Madrid Sala Pecera Depósito 2 10/12/2012     N-5374 1190549 23/02/2023 23/02/2023 Libro impreso